| 000 | 00899cam a2200265 a 4500 | ||
|---|---|---|---|
| 001 | 30861 | ||
| 003 | BD-RjUL | ||
| 005 | 20211209051627.0 | ||
| 008 | 140412s1978 njua b 001 0 eng d | ||
| 020 | _a0470265345 | ||
| 035 | _a(BD-RjUL)30948 | ||
| 040 |
_aDLC _cDLC _dBD-RjUL _beng |
||
| 041 | _aeng | ||
| 082 |
_a155.422 _219 _bPAT 1978 |
||
| 245 | 0 | 0 |
_aPatterns of attachment : _ba psychological study of the strange situation / _cMary D. Salter Ainsworth ... [et al.] |
| 260 |
_aHillsdale, N.J ; _aNew York : _bErlbaum ; _aLondon : _bHalsted Press division of Wiley [distributor], _c1978 |
||
| 300 |
_axviii, 391 p. : _bill. ; _c24 cm |
||
| 504 | _aBibliography: p. 373-380. - Includes index | ||
| 650 | 0 |
_aInfant psychology _95509 |
|
| 650 | 0 |
_aMother and child _990888 |
|
| 700 | 1 |
_aAinsworth, Mary D. Salter. _993760 |
|
| 942 |
_2ddc _cBK |
||
| 999 |
_c30861 _d30861 |
||